Teoría y práctica de la empresa multinacional (Registro nro. 8003)
[ vista simple ]
| 000 -LEADER | |
|---|---|
| fixed length control field | 00714 a2200253 4500 |
| 001 - CONTROL NUMBER | |
| control field | 63121 |
| 005 - DATE AND TIME OF LATEST TRANSACTION | |
| control field | 20260407155926.0 |
| 008 - FIXED-LENGTH DATA ELEMENTS--GENERAL INFORMATION | |
| fixed length control field | 260407a1974 arg spa d |
| 003 - CONTROL NUMBER IDENTIFIER | |
| control field | AR-UNSa-BCEJYS |
| 040 ## - CATALOGING SOURCE | |
| Original cataloging agency | AR-UNSa-BCEJYS |
| Language of cataloging | spa |
| Transcribing agency | AR-UNSa-BCEJYS |
| 080 ## - UNIVERSAL DECIMAL CLASSIFICATION NUMBER | |
| Universal Decimal Classification number | 334.726 |
| Common auxiliary subdivision | Empresas multinacionales |
| 041 ## - LANGUAGE CODE | |
| Language code of text/sound track or separate title | spa |
| 100 1# - MAIN ENTRY--PERSONAL NAME | |
| Personal name | Sweezy, Paul M. |
| 245 10 - TITLE STATEMENT | |
| Title | Teoría y práctica de la empresa multinacional |
| 264 #1 - PRODUCTION, PUBLICATION, DISTRIBUTION, MANUFACTURE, AND COPYRIGHT NOTICE | |
| Place of production, publication, distribution, manufacture | Buenos Aires : |
| Name of producer, publisher, distributor, manufacturer | Ediciones Periferia |
| Date of production, publication, distribution, manufacture, or copyright notice | 1974 |
| 300 ## - PHYSICAL DESCRIPTION | |
| Extent | 189 p. |
| Dimensions | 20 cm. |
| 590 ## - LOCAL NOTE (RLIN) | |
| Local note | niveau_biblio:m niveau_hierar:0 |
| 700 1# - ADDED ENTRY--PERSONAL NAME | |
| Personal name | Magdoff, Harry |
| 700 1# - ADDED ENTRY--PERSONAL NAME | |
| Personal name | O`Connor, James |
| 700 1# - ADDED ENTRY--PERSONAL NAME | |
| Personal name | Adam, Gyorgy |
| 700 1# - ADDED ENTRY--PERSONAL NAME | |
| Personal name | Vaitsos, Constantino |
| 700 1# - ADDED ENTRY--PERSONAL NAME | |
| Personal name | Girvan, Norman |
| 942 ## - ADDED ENTRY ELEMENTS (KOHA) | |
| Koha item type | |
| Withdrawn status | Lost status | Damaged status | Not for loan | Home library | Current library | Shelving location | Date acquired | Total checkouts | Full call number | Barcode | Date last seen | Price effective from | Koha item type |
|---|---|---|---|---|---|---|---|---|---|---|---|---|---|
| Biblioteca Prof. Eusebio Cleto del Rey | Biblioteca Prof. Eusebio Cleto del Rey | 07/04/2026 | 334.726 S974 | L26113 | 07/04/2026 | 07/04/2026 | Libro | ||||||
| Biblioteca Prof. Eusebio Cleto del Rey | Biblioteca Prof. Eusebio Cleto del Rey | 07/04/2026 | 334.726 S974 | L26111 | 07/04/2026 | 07/04/2026 | Libro | ||||||
| Biblioteca Prof. Eusebio Cleto del Rey | Biblioteca Prof. Eusebio Cleto del Rey | 07/04/2026 | 334.726 S974 | L26112 | 07/04/2026 | 07/04/2026 | Libro |